[Event "4NCL Division 2d"]
[Site "Telford, ENG"]
[Date "2017.03.05"]
[Round "8.82"]
[White "Frostick, Clive A"]
[Black "Lunn, Matthew"]
[Result "1/2-1/2"]
[WhiteElo "2184"]
[BlackElo "2071"]
[PlyCount "26"]
[EventDate "2017.03.05"]
[WhiteTeam "CSC Dragons"]
[BlackTeam "KJCA Kings"]

1. e4 c5 2. Nf3 Nc6 3. d4 cxd4 4. Nxd4 Nf6 5. Nc3 d6 6. Be2 e5 7. Nf3 h6 8. O-O
Be7 9. Re1 O-O 10. Nd2 Be6 11. Nf1 d5 12. exd5 Nxd5 13. Nxd5 Bxd5 1/2-1/2

[Event "4NCL Division 2d"]
[Site "Telford, ENG"]
[Date "2017.03.05"]
[Round "8.83"]
[White "Verma, Aditya"]
[Black "Thompson, Ian D"]
[Result "1-0"]
[WhiteElo "2055"]
[BlackElo "2177"]
[PlyCount "57"]
[EventDate "2017.03.05"]
[WhiteTeam "KJCA Kings"]
[BlackTeam "CSC Dragons"]

1. e4 e5 2. Nf3 Nc6 3. Bb5 a6 4. Ba4 Nf6 5. O-O Be7 6. d3 b5 7. Bb3 d6 8. c3
O-O 9. Re1 Na5 10. Bc2 c5 11. Nbd2 Re8 12. Nf1 h6 13. h3 Bf8 14. Ng3 g6 15. Nh2
Bg7 16. f4 exf4 17. Bxf4 Nc6 18. Qd2 Kh7 19. d4 cxd4 20. cxd4 Ra7 21. Nf3 Rae7
22. Rad1 Bb7 23. b3 Qb8 24. Kh1 Nd8 25. d5 Bc8 26. Qb4 Rd7 27. Bb1 Bf8 28. Rc1
Ra7 29. Qc3 1-0

[Event "4NCL Division 2d"]
[Site "Telford, ENG"]
[Date "2017.03.05"]
[Round "8.84"]
[White "Farrand, Tom"]
[Black "Hand, Freddie"]
[Result "0-1"]
[WhiteElo "2156"]
[BlackElo "2119"]
[PlyCount "114"]
[EventDate "2017.03.05"]
[WhiteTeam "CSC Dragons"]
[BlackTeam "KJCA Kings"]

1. e4 d5 2. exd5 Nf6 3. Nc3 Nxd5 4. Bc4 Nb6 5. Bb3 Nc6 6. Qf3 e6 7. Nge2 Be7 8.
a3 O-O 9. d3 Ne5 10. Qg3 Ng6 11. h4 Bd7 12. Bg5 h6 13. Bxe7 Nxe7 14. f4 Bc6 15.
O-O-O Nbd5 16. Qf2 Nxc3 17. Nxc3 Nf5 18. Ne2 h5 19. Rh3 Nh6 20. Ng3 Ng4 21. Qe2
g6 22. Ne4 Bd5 23. c4 Bc6 24. Ng5 Qd4 25. Rf1 Rab8 26. Kb1 b5 27. Nxe6 fxe6 28.
Qxe6+ Kg7 29. Qxc6 Ne3 30. Qxc7+ Kh6 31. Rxe3 Qxe3 32. Bc2 bxc4 33. Qxc4 Rfc8
34. Qa4 Qb6 35. b3 Rc5 36. f5 Qc7 37. Qf4+ Qxf4 38. Rxf4 Rxf5 39. Rxf5 gxf5 40.
Bd1 Rd8 41. Kc2 Rd4 42. Kc3 Rxh4 43. b4 Kg6 44. b5 Kf6 45. a4 Ke5 46. a5 Kd6
47. d4 Rh1 48. Bf3 h4 49. b6 axb6 50. a6 Ra1 51. Bb7 Ra4 52. Kd3 b5 53. Kc3 Kc7
54. d5 Kd6 55. Kd3 f4 56. Ke2 Ra3 57. Bc6 b4 0-1

[Event "4NCL Division 2d"]
[Site "Telford, ENG"]
[Date "2017.03.05"]
[Round "8.85"]
[White "Golding, James"]
[Black "Coates, Kenneth G"]
[Result "1-0"]
[WhiteElo "1925"]
[BlackElo "2132"]
[PlyCount "87"]
[EventDate "2017.03.05"]
[WhiteTeam "KJCA Kings"]
[BlackTeam "CSC Dragons"]

1. d4 d5 2. c4 c6 3. Nf3 Nf6 4. Nc3 dxc4 5. a4 Bf5 6. e3 e6 7. Bxc4 Bb4 8. O-O
Nbd7 9. Qe2 Bg6 10. e4 Bxc3 11. bxc3 Nxe4 12. Ba3 Qc7 13. Rfc1 O-O-O 14. Nh4
Nd6 15. Bb3 Nf5 16. Nxg6 hxg6 17. g3 Nf6 18. a5 Rh7 19. Kg2 Nd5 20. Bxd5 exd5
21. Bc5 Rdh8 22. Rh1 a6 23. Bb4 Qd7 24. Rae1 Rd8 25. Bc5 Rhh8 26. Qb2 Nd6 27.
h4 Nc4 28. Qc1 Rde8 29. Bb4 Qf5 30. Qf4 f6 31. Qxf5+ gxf5 32. h5 Kd7 33. Rxe8
Rxe8 34. h6 gxh6 35. Rxh6 b6 36. axb6 a5 37. Rh7+ Kc8 38. Bc5 Kb8 39. Kf3 a4
40. Ra7 a3 41. Bxa3 Nxb6 42. Re7 Rh8 43. Rf7 Nc4 44. Bc1 1-0

[Event "4NCL Division 2d"]
[Site "Telford, ENG"]
[Date "2017.03.05"]
[Round "8.86"]
[White "Purdon, Colin"]
[Black "Anbukumar, Hajane"]
[Result "1-0"]
[WhiteElo "2054"]
[BlackElo "1929"]
[PlyCount "55"]
[EventDate "2017.03.05"]
[WhiteTeam "CSC Dragons"]
[BlackTeam "KJCA Kings"]

1. d4 Nf6 2. c4 g6 3. Nc3 Bg7 4. e4 d6 5. Nf3 O-O 6. h3 Nbd7 7. Be2 e5 8. d5 a5
9. Bg5 h6 10. Be3 Ne8 11. g4 c6 12. Qd2 Kh7 13. O-O-O Qc7 14. Kb1 f5 15. gxf5
gxf5 16. exf5 Ndf6 17. Bd3 Qe7 18. Bc2 cxd5 19. Nxd5 Qf7 20. Nb6 Rb8 21. Qxa5
Qh5 22. Qa7 Bxf5 23. Qxb8 Bxc2+ 24. Kxc2 Qxf3 25. Rhg1 Ne4 26. Nd7 Qe2+ 27. Kb1
Rxf2 28. Bxf2 1-0

[Event "4NCL Division 2d"]
[Site "Telford, ENG"]
[Date "2017.03.05"]
[Round "8.87"]
[White "Bansal, Rohan"]
[Black "Amato, Giampiero"]
[Result "0-1"]
[WhiteElo "1972"]
[BlackElo "2015"]
[PlyCount "70"]
[EventDate "2017.03.05"]
[WhiteTeam "KJCA Kings"]
[BlackTeam "CSC Dragons"]

1. d4 Nf6 2. c4 g6 3. Nc3 Bg7 4. e4 d6 5. Nf3 O-O 6. Be2 Na6 7. O-O e5 8. Re1
c6 9. Rb1 exd4 10. Nxd4 Nc5 11. Bf1 Re8 12. f3 a5 13. Be3 Nfd7 14. Qd2 Qe7 15.
Rbd1 Be5 16. Bf2 Nf8 17. g3 Rd8 18. f4 Bg7 19. Nxc6 bxc6 20. Bxc5 Bg4 21. Bxd6
Bxd1 22. Rxd1 Bxc3 23. bxc3 Qxe4 24. c5 Ne6 25. Re1 Qa4 26. Qf2 Re8 27. f5 Ng5
28. fxg6 hxg6 29. Rb1 Qg4 30. Bg2 Nh3+ 31. Bxh3 Qxh3 32. Rf1 Qe6 33. Kg2 Qe4+
34. Kh3 Ra7 35. a3 f5 0-1

[Event "4NCL Division 2d"]
[Site "Telford, ENG"]
[Date "2017.03.05"]
[Round "8.88"]
[White "Vachtfeidl, Petr"]
[Black "Anilkumar, Anantha P"]
[Result "0-1"]
[WhiteElo "1983"]
[BlackElo "1878"]
[PlyCount "64"]
[EventDate "2017.03.05"]
[WhiteTeam "CSC Dragons"]
[BlackTeam "KJCA Kings"]

1. d4 Nf6 2. c4 g6 3. Nc3 d5 4. cxd5 Nxd5 5. e4 Nxc3 6. bxc3 Bg7 7. Bc4 c5 8.
Ne2 O-O 9. O-O Nc6 10. Be3 Qc7 11. Rc1 b6 12. h3 Na5 13. Bd3 Rd8 14. f4 Nb7 15.
f5 c4 16. Bf4 Qc6 17. Bb1 Nd6 18. Ng3 Bb7 19. Qe2 e6 20. Bg5 f6 21. Be3 exf5
22. exf5 Re8 23. d5 Qxd5 24. Rcd1 Rxe3 25. Rxd5 Rxe2 26. Nxe2 Bxd5 27. Rd1 Be4
28. Bxe4 Nxe4 29. Rd4 gxf5 30. Rxc4 Bf8 31. Rc7 Bc5+ 32. Nd4 Nxc3 0-1